00564nam a2200157Ia 4500003000900000008004100009020001800050040001600068080001900084100002000103245014100123260004400264300001000308490005600318650003200374IN-BaIIA211028s9999 xx 000 0 eng d a3-7186-5798-8 cIIA Library a047.1:524bLYU aLyubarsky, Yu.E 0aAstrophysics and spacephysics reviewsbvol. 9, pt. 2, physics of pulsarscYu. E. Lyubarsky  aU.K.bHarwood Academic Publishersc1989 a115p. aAstrophysics and Space Physics Reviews vol 9 part 2 aAstrophysics, Space physics